000 00820nam a22002177a 4500
999 _c6815
_d6815
003 AR-CdUCM
008 190319b ||||| |||| 00| 0 spa d
020 _a84-7146-175-7
040 _aMUNICIPALIDAD PROVINCIAL DEL CUSCO
_cBIBLIOTECA MUNICIPAL DEL CUSCO
082 _23ed.
_a624.16 \
_bR36
100 _aReimbert, Marcel
_919203
245 _aMuros de contención :
_btratado teórico y práctico /
260 _aBarcelona :
_bTécnicos Asociados,
_c1976.
300 _a2 tomos ;
_bilustraciones ;
_c25 cm.
505 _aContenido : t.1: Macizos de Anclaje -- Tablestacados -- Muros pantalla -- t.2: Estudio de los empujes pasivos en las obras de cimentación.
650 _aConstrucción
_94996
650 _aMuros de contención
_919204
700 _aReimbert, André
_919205
942 _2ddc
_cLIBROS
945 _azta